Jack and Jill

Saved in:
Bibliografiske detaljer
Hovedforfatter: Patterson, James B. (Author)
Format: Bog
Sprog:engelsk
Udgivet: Nueva York Warner Vision Books 1997
Serier:Fiction Bestseller, 1
Fag:
Tags: Tilføj Tag
Ingen Tags, Vær først til at tagge denne postø!

MARC

LEADER 00000nam a2200000 a 4500
001 UCI3048
003 CL-VaPUC
008 071012e19970000US |||||||||||||||||eng|d
020 |a 0446604801 
082 0 4 |a 813  |b PAT  |2 21 
100 |a Patterson, James B.  |e author  |9 524442 
245 1 0 |a Jack and Jill 
300 |a 466 p 
942 |c BK 
945 |d 20071012 00:00:00  |a rbrito 
260 |a Nueva York  |b Warner Vision Books  |c 1997 
650 0 |a Novelas estadounidenses  |9 265217 
583 |a last modification  |c 20071012 00:00:00  |k Rodrigo Vera 
490 0 |a Fiction Bestseller, 1 
999 |c 327443  |d 327441 
952 |0 0  |1 0  |4 0  |6 813_000000000000000_PAT_1997  |7 0  |8 A  |9 410271  |a BIBEDU  |b BIBEDU  |d 2019-11-22  |i 4376404  |o 813 PAT 1997  |p 4376404  |r 2019-11-22  |w 2019-11-22  |y BK  |k LIT